Normal view
MARC view
- Jervis, Barrie W
Entry Corporate Name
001 - CONTROL NUMBER
- control field: 91727
003 - CONTROL NUMBER IDENTIFIER
- control field: NUST
005 - DATE AND TIME OF LATEST TRANSACTION
- control field: 20220523112656.0
008 - FIXED-LENGTH DATA ELEMENTS
- fixed length control field: 220523|| aca||aabn | a|a d
040 ## - CATALOGING SOURCE
- Original cataloging agency: NUST
- Transcribing agency: NUST
110 ## - HEADING--CORPORATE NAME
- Corporate name or jurisdiction name as entry element: Jervis, Barrie W
670 ## - SOURCE DATA FOUND
- Source citation: Work cat.: (NUST): Ifeachor, Emmanuel 91726, Digital Signal Processing:, 2011.
